Danh tướng Việt Nam T.2 /

Cuốn sách này giới thiệu các vị quan võ Việt Nam, có cơ mưu từ thời kỳ dựng nước đến hết triều đình nhà Nguyễn....

Uloženo v:
Podrobná bibliografie
Hlavní autor: Đỗ Đức Hùng, TS.
Médium: Kniha
Jazyk:Vietnamese
Vydáno: Hà Nội : Thanh niên, 2000.
Témata:
Tagy: Přidat tag
Žádné tagy, Buďte první, kdo otaguje tento záznam!
Thư viện lưu trữ: Mạng thư viện Đại học Đà Nẵng
LEADER 00980cam a2200337 i 4500
001 000043484
003 1452
005 20030917132812.0
008 010217b2000 vm 000 vie
020 |c 31000 
040 |a IRC  |c IRC  |d IRC 
041 0 |a vie 
082 1 4 |a 923.5  |b ĐÔ-H 
100 1 |a Đỗ Đức Hùng,  |c TS. 
245 0 0 |a Danh tướng Việt Nam  |n T.2 /  |c Đỗ Đức Hùng. 
260 |a Hà Nội :  |b Thanh niên,  |c 2000. 
300 |a 399tr. ;  |c 19cm. 
520 3 |a Cuốn sách này giới thiệu các vị quan võ Việt Nam, có cơ mưu từ thời kỳ dựng nước đến hết triều đình nhà Nguyễn.... 
630 0 4 |a Việt Nam. 
630 0 4 |a Danh Tướng. 
650 0 4 |a Danh tướng  |z Việt Nam. 
OWN |a DUT 
999 |a From the UDN01 
TYP |a Monograph 
TYP |a Printed language 
980 |a Mạng thư viện Đại học Đà Nẵng